Circuito economico y costos de producción (monografia) /

Guardado en:
Formato: Libro
Publicado: : , 1993
Materias:
Fc
Etiquetas: Agregar Etiqueta
Sin Etiquetas, Sea el primero en etiquetar este registro!
LEADER 00399nam a22001455a 4500
001 CEM.cems007899
005 20060214000000.0
008 130507s1993##################000#0#####d
003 CEMS
082 0 4 |a F330 
245 0 0 |a Circuito economico y costos de producción (monografia) / 
260 |a  :  |b ,  |c 1993 
653 |a Circuito economico 
653 |a Fc 
859 |a CEMS  |b BIB. CEMS - 11 de abril  |h F330  |i 15  |p 226.44  |t Ej.1